Statystyki dla Najszersze państwa ze wschodu na zachód

Kliknij tutaj aby rozwiązać quiz!

Ogólne statystyki

  • Ten quiz został rozwiązany 133 razy
  • Średni wynik to 16 z 20

Statystyki odpowiedzi

ZakresPaństwo% Poprawnych
10,564 kmRosja
100%
4,563 kmStany Zjednoczone
99%
5,823 kmKanada
98%
4,329 kmBrazylia
97%
5,224 kmChiny
96%
4,045 kmAustralia
95%
2,887 kmIndie
93%
3,008 kmKazachstan
88%
3,151 kmMeksyk
87%
2,523 kmMongolia
86%
1,911 kmIran
84%
2,110 kmAlgieria
81%
2,122 kmDemokratyczna Republika Konga
80%
1,610 kmTurcja
80%
2,176 kmArabia Saudyjska
72%
1,702 kmNiger
71%
1,634 kmLibia
64%
1,820 kmSudan
63%
1,773 kmMali
62%
1,670 kmMaroko
47%

Rozkład punktacji

Percentyl według liczby udzielonych odpowiedzi

Procent ludzi z każdym wynikiem

Twoja historia wyników

Nie rozwiązałeś tego quizu